000 00845nam a2200217 a 4500
008 060316s1991 ||||||||||||||||| || u
020 _a0340545291
020 _a0470235519
050 _aQA 278 Eve
100 _aEveritt, Brian S
245 1 0 _aApplied multivariate data analysis /
260 _aLondon:
_bE. Arnold Halsted Press
_c1991
300 _axii, 304 p. : ill.
350 _a0.00
500 _aRev. ed. of: Advanced methods of data exploration and modelling. 1983. -Includes bibliographical references (p. [277]-289) and index.
650 _aSTATISTICAL ANALYSIS
650 _aMultivariate analysis
700 _aEveritt, Brian
700 _aDunn, G. (Graham), 1949-
995 _D0.00
_FCBU-MAIN LIBRARY (Kitwe)
_H1
_I19.95
_M1
_UAVAILABLE
_ZMain Library Open Access Collection
999 _c34583
_d34583